000 00574nam a2200205Ii 4500
001 8354
003 CO-ViMGA
008 241108s9999||||xx |||||||||||||| ||und||
040 _aCO-ViMGA
_bspa
_erda
_cCO-ViMGA
041 0 _aspa
084 _aP 398.1 A643
100 1 _aSilvia Aponte
_952164
245 1 0 _aEl pescador de tradiciones
264 1 _aBogotá, Colombia : Siglo XX, 1990
300 _avolumen
336 _atext
_btxt
_2rdacontent
337 _aunmediated
_bn
_2rdamedia
338 _avolume
_bnc
_2rdacarrier
940 _aidficha_siabuc: 8163. -- ficha_no_siabuc:8354
999 _c46935
_d46935